Предложно-падежная система: теоретические основы и тренировочные задания, Учебное пособие

Dades bibliogràfiques
Autor principal: Е. А. Ядрихинская
Sumari:Книга находится в премиум-версии платформы «Русский как иностранный».
Издание содержит теоретический материал о склонении существительных, прилагательных, притяжательных и указательных местоимений. Представлены основные значения предложно-падежной системы русского языка, а также сведения о видах русского глагола. Учебное пособие предназначено для иностранных слушателей, изучающих русский язык в объёме Первого сертификационного уровня.
Гарантированный срок размещения на платформе до 07.09.2026 (автопролонгация)
Publicat: Воронеж, Воронежский государственный университет инженерных технологий, 2023
Edició:Предложно-падежная система: теоретические основы и тренировочные задания
Matèries:
Accés en línia:Перейти к просмотру издания
Format: MixedMaterials Electrònic

MARC

LEADER 00000 a2200000 4500
001 RU/ROS-EDU.RU/132743
856 4 |u https://www.ros-edu.ru/book?id=132743  |z Перейти к просмотру издания 
010 |a 978-5-00032-621-3 
205 |a Предложно-падежная система: теоретические основы и тренировочные задания  |b 2026-09-07 
333 |a Гарантированный срок размещения на платформе до 07.09.2026 (автопролонгация) 
100 |a 20230101d2023 |||y0rusy0250   |s 2026-09-07 
105 |a y z 000zy 
101 0 |a rus 
102 |a RU 
200 1 |a Предложно-падежная система: теоретические основы и тренировочные задания  |b Электронный ресурс  |e Учебное пособие  |f Е. А. Ядрихинская 
700 1 |b Е. А.  |a Ядрихинская  |4 070 
330 |a Издание содержит теоретический материал о склонении существительных, прилагательных, притяжательных и указательных местоимений. Представлены основные значения предложно-падежной системы русского языка, а также сведения о видах русского глагола. Учебное пособие предназначено для иностранных слушателей, изучающих русский язык в объёме Первого сертификационного уровня. 
210 |a Воронеж  |c Воронежский государственный университет инженерных технологий  |d 2023 
610 1 |a предложно-падежная система 
610 1 |a теоретические основы 
610 1 |a тренировочные задания 
610 1 |a русские падежи 
675 |a 482 
686 |a 81.2  |2 rubbk 
300 |a Книга находится в премиум-версии платформы «Русский как иностранный». 
215 |a 236 с.